000 00486nam a22001337a 4500
005 20170927150958.0
008 170913b ph ||||| |||| 00| 0 eng d
100 _aJi Longfu
245 _aA comparative study of Paul's concepts of "justification by faith" in Galatians and Romans (ch) /
_cby Ji Longfu
260 _aValenzuela City:
_bBSOP;
_c2014.
300 _a132 leaves :
_c28 cm.
500 _aThesis (M. Div.) -- Biblical Seminary of the Philippines, March, 2014.
942 _2lcc
_cTH
999 _c40617
_d40617